000 01718nam a22002297a 4500
003 BJBSDDR
005 20260514101751.0
007 ta
008 260514s2011 nyu||||| |||| 00| 0 eng d
020 _a9781402767487
020 _a140276748X
040 _bspa
_cBJBSDDR
041 _aeng
050 _bP626 2011
100 1 _aPietrusza, David,
_d1949-
_911665
245 1 0 _a1948 :
_bHarry Truman's improbable victory and the year that transformed America's role in the world /
_cDavid Pietrusza
260 _aNew York :
_bUnion Square Press,
_c2011
300 _axxiii, 520 pages
_billustrations ;
_c24 cm
520 _aThe 1948 election was a war for the soul of the Democratic Party, with accidental president Harry Truman pitted against Henry Wallace, his embittered left-wing predecessor as vice president, and young South Carolina segregationist Dixiecrat Strom Thurmond. On the GOP side, it's a four-way battle between cold-as-ice New Yorker Tom Dewey, Minnesota upstart Harold Stassen, stodgy but brilliant Ohio conservative Robert Taft, and imperious but aged Douglas MacArthur. Author David Pietrusza goes beyond the headlines to place in context a down-to-the-wire fight against the background of an erupting Cold War, the birth of Israel, storms over civil rights, and domestic communism. Featuring a stellar supporting cast: Alger Hiss, Whitaker Chambers, Richard Nixon, Hubert Humphrey, Earl Warren, Paul Robeson, Lillian Hellman, Pete Seeger, Eleanor Roosevelt, Joe McCarthy, Clark Clifford, William O. Douglas, George C. Marshall, John Foster Dulles, Adlai Stevenson, Lyndon Johnson, H.L. Mencken, Harold Ickes, Clare and Henry Luce, and Ronald Reagan.
942 _2lcc
_n0
_cBK
946 _icmc
999 _c127087
_d127087